Destinos personales : la era de la colonización de las conciencias /

¿Cómo hemos llegado a ser los individuos que somos? Remo Bodei intenta responder a este interrogante siguiendo el hilo de la reflexión filosófica, literaria y científica, así como del devenir histórico de las sociedades europeas. En este recorrido, analiza las “estrategias de individuación”, concebi...

Full description

Bibliographic Details
Main Author: Bodei, Remo
Format: Libro
Language:Spanish
Published: Buenos Aires El cuenco de la plata 2006
Series:Colección Ensayo / Serie estudios filosóficos
Subjects:
Online Access:

MARC

LEADER 00000cam a2200000 a 4500
001 000973
003 UAHC_CL
005 20170803115706.0
008 170404s2006 ag 000 spa
020 |a 9871228279 
040 |a UAHC_CL  |c UAHC_CL  |d UAHC_CL 
082 0 4 |a 128  |b B666  |2 20 
100 1 |a Bodei, Remo 
245 1 0 |a Destinos personales :  |b la era de la colonización de las conciencias /  |c Remo Bodei. 
260 |b El cuenco de la plata  |a Buenos Aires  |c 2006 
300 |a 523 p. 
490 0 |a Colección Ensayo / Serie estudios filosóficos 
520 |a ¿Cómo hemos llegado a ser los individuos que somos? Remo Bodei intenta responder a este interrogante siguiendo el hilo de la reflexión filosófica, literaria y científica, así como del devenir histórico de las sociedades europeas. En este recorrido, analiza las “estrategias de individuación”, concebidas tanto por las filosofías que plantean la autonomía de la conciencia individual (a partir de Locke) como por las que denuncian y analizan su ineluctable heteronomía (a partir de Schopenhauer), abordando en profundidad las obras de los médecins philosophes, Nietzsche, Bergson, Proust, Pirandello y Simmel. Asimismo, atiende a la extraordinaria transformación de la política, que ha extendido su soberanía al interior mismo de los hombres, según estrategias y tecnologías precisas que constituyen la más efectiva “colonización de las conciencias”. Bodei advierte que las sombras del vía crucis cumplido por la humanidad europea del s. XX, se proyectan sobre el presente y oscurecen el horizonte de una cultura que sólo engañándose puede suponer que se ha liberado definitivamente de ellas. 
650 4 |a ANTROPOLOGIA FILOSOFICA 
650 4 |a FILOSOFIA DE LA CIVILIZACION 
653 |a ANTROPOLOGIA 
653 |a CIENCIAS POLITICAS 
900 |a 128 BOD 
942 |c BK 
952 |0 0  |1 0  |4 0  |6 128_000000000000000_BOD  |7 0  |8 General  |9 2072  |a BC  |b BC  |c General  |d 2017-08-03  |l 0  |o 128 BOD  |p 1440425  |r 2026-01-07 00:00:00  |t 1  |w 2017-08-03  |y BK 
999 |c 973  |d 973